| 000 | 00591nam a22001937a 4500 | ||
|---|---|---|---|
| 005 | 20251108164955.0 | ||
| 008 | 250721s1984 xx 000 0 ara d | ||
| 082 | 1 | 4 | _a214.1/مخل |
| 100 | 1 | _aمخلوف، حسنين محمد | |
| 245 | 1 | 0 | _aأسماء الله الحسنى و الآيات الكريمة الواردة فيها / |
| 250 | _aط3. | ||
| 264 | 1 |
_aالقاهره : _bدار المعارف، _c1984. |
|
| 300 | _a102ص | ||
| 650 | 1 | 7 | _aالإسلام |
| 650 | 1 | 7 | _aأصول الدين الإسلامي |
| 650 | 1 | 7 | _aالتوحيد |
| 942 |
_2ddc _cBK |
||
| 999 |
_c18785 _d18785 |
||